Statistics for Country by Second Vowel - E

Click here to take the quiz!

General Stats

  • This quiz has been taken 36 times
    (18 since last reset)
  • The average score is 21 of 35

Answer Stats

ContinentAnswer% Correct
S. AmericaArgentina
90%
AfricaAlgeria
80%
S. AmericaChile
80%
EuropeFrance
80%
EuropeGreece
80%
EuropeSweden
80%
AsiaVietnam
80%
AsiaArmenia
70%
EuropeIceland
70%
EuropeIreland
70%
AfricaNiger
70%
AfricaNigeria
70%
EuropeSlovenia
70%
AsiaTurkey
70%
S. AmericaVenezuela
70%
EuropeLiechtenstein
60%
EuropeNetherlands
60%
OceaniaNew Zealand
60%
AfricaSenegal
60%
AsiaTurkmenistan
60%
AsiaYemen
60%
AsiaAzerbaijan
50%
EuropeCzech Republic
50%
EuropeMontenegro
50%
AsiaUzbekistan
50%
AfricaCameroon
40%
AfricaCape Verde
40%
OceaniaFederated States of Micronesia
40%
EuropeLuxembourg
40%
AfricaSeychelles
40%
AfricaSierra Leone
40%
EuropeSwitzerland
40%
AsiaBrunei
30%
AfricaLiberia
30%
AfricaCote d'Ivoire
20%

Score Distribution

Percentile by Number Answered

Percent of People with Each Score

Your Score History

You have not taken this quiz since the last reset